| 000 | 00441cam a22001571 4500 | ||
|---|---|---|---|
| 020 | _a0198531370 | ||
| 082 | 0 | 0 |
_a512.2 _bMAC _cL-2, P-78 |
| 100 | 1 |
_aMacdonald, Ian D. _939121 |
|
| 245 | 1 | 4 |
_aThe theory of groups _c[by] Ian D. Macdonald. |
| 260 |
_aOxford, _bClarendon P., _c1968. |
||
| 300 |
_avii, 254 p. _c23 cm. |
||
| 526 |
_a0 _b0 _c0 _d512_200000000000000_MAC |
||
| 650 | 0 |
_aGroup theory. _910310 |
|
| 650 | 0 |
_aMCE _9379 |
|
| 942 |
_2ddc _cBK |
||
| 999 |
_c543667 _d543667 |
||